Prvky vzácnych zemín ako unikátna investičná príležitosť

Prvky vzácnych zemín je skupina minerálov, ktoré sú nevyhnutné pre fungovanie mnohých sofistikovaných technológií. Sú využívané v celej škále výdobytkov modernej civilizácie, od LCD monitorov, cez optické vlákna až po jadrové reaktory. Až 95% ich svetovej produkcie však ovláda Čína, ktorá v posledno...

Full description

Saved in:
Bibliographic Details
Main Author: Árendáš, Peter, 1986-
Format: Book Chapter
Language:Slovak
Subjects:
Tags: Add Tag
No Tags, Be the first to tag this record!

MARC

LEADER 00000nla$a2200000$$$4500
001 0112908
005 20240502072244.7
041 0 |a slo 
044 |a SK 
245 1 0 |a Prvky vzácnych zemín ako unikátna investičná príležitosť  |c Peter Árendáš 
520 |a Prvky vzácnych zemín je skupina minerálov, ktoré sú nevyhnutné pre fungovanie mnohých sofistikovaných technológií. Sú využívané v celej škále výdobytkov modernej civilizácie, od LCD monitorov, cez optické vlákna až po jadrové reaktory. Až 95% ich svetovej produkcie však ovláda Čína, ktorá v poslednom čase začala razantne znižovať objem exportov, v záujme uspokojenia vlastného rastúceho dopytu. Práve to, spolu s rastúcim dopytom po prvkoch vzácnych zemín vo svete, v najbližších rokoch povedie k prudkému nárastu ich ceny. 
610 2 0 |a suroviny 
610 2 0 |a suroviny nerastné 
610 2 0 |a suroviny prírodné 
610 2 0 |a zásoby surovín 
610 2 0 |a využitie surovín 
610 2 0 |a Čína 
610 2 0 |a vývoz 
610 2 0 |a ceny vývozné 
610 2 0 |a dopyt 
100 1 |a Árendáš, Peter, 1986-